[Event "XXXIII Abierto Ciudad de Sevilla"]
[Site "?"]
[Date "2008.01.06"]
[Round "2"]
[White "Martin Vazquez, J."]
[Black "Mirzoev, A."]
[Result "0-1"]
[WhiteElo "2102"]
[BlackElo "2518"]
[PlyCount "96"]
[EventDate "2008.01.05"]
[SourceDate "2008.01.05"]

1. d4 Nf6 2. Nf3 b5 3. Bg5 Bb7 4. e3 a6 5. c4 bxc4 6. Bxc4 e6 7. O-O Be7 8. Nc3
O-O 9. Rc1 h6 10. Bh4 d6 11. Bd3 Nbd7 12. b4 Rb8 13. Rb1 g5 14. Bg3 Nh5 {
Diagrama #} 15. Nxg5 $6 (15. Nd2 Nxg3 16. fxg3 c5 17. bxc5 dxc5 18. Nb3) 15...
Nxg3 16. Nxe6 fxe6 17. Qg4+ Kh8 {Diagrama #} 18. Qg6 $2 (18. hxg3 Rf6 19. Ne4
Bxe4 20. Qxe4 Nf8 $15) 18... Nf5 19. Bxf5 Rxf5 20. Qxh6+ Kg8 21. Qg6+ Kf8 22.
Qh6+ Ke8 23. Qg6+ Rf7 24. Qxe6 Nf8 25. Qg4 Qd7 26. Qg3 Bf6 27. f3 Rg7 28. Qf2
Ng6 29. Ne4 Qe6 30. Nxf6+ Qxf6 31. g4 Nh4 32. e4 Nxf3+ 33. Qxf3 Qxf3 34. Rxf3
Rxg4+ 35. Rg3 Rxg3+ 36. hxg3 Bxe4 37. Re1 d5 38. a3 Kd7 39. Rf1 Rh8 40. Rf6 c6
41. Rf7+ Ke6 42. Rb7 Rh1+ 43. Kf2 Rh2+ 44. Ke3 Ra2 45. Rb6 Rxa3+ 46. Kf4 Kd6
47. Rb8 Rf3+ 48. Kg4 Rd3 0-1

[Event "XXXIII Abierto Ciudad de Sevilla"]
[Site "?"]
[Date "2008.01.06"]
[Round "2"]
[White "Narciso Bublan, M."]
[Black "Gavira Galocha, A."]
[Result "1-0"]
[WhiteElo "2513"]
[BlackElo "2021"]
[PlyCount "47"]
[EventDate "2008.01.05"]
[SourceDate "2008.01.05"]

1. c4 c5 2. Nf3 g6 3. d4 Bg7 4. d5 d6 5. e4 Bg4 6. Qa4+ Qd7 7. Qb3 Bxf3 8. gxf3
Nf6 9. Nc3 Qc7 10. Bh3 Nbd7 11. f4 O-O 12. O-O Rfe8 13. f5 Rab8 14. f4 Qb6 15.
Bd2 Qxb3 16. axb3 $14 a6 17. Rfe1 {Diagrama #} Rbd8 $2 (17... gxf5 18. Bxf5 e6
19. Bh3 $14) 18. e5 Nh5 (18... dxe5 19. fxe5 Nh5 20. fxg6 Nxe5 21. gxf7+ Nxf7
22. Kh1 $18) 19. fxg6 hxg6 20. exd6 Ndf6 21. dxe7 Rd6 22. Kg2 b5 23. Kf3 Rb8
24. Be3 1-0

[Event "XXXIII Abierto Ciudad de Sevilla"]
[Site "?"]
[Date "2008.01.06"]
[Round "2"]
[White "Belezky, A."]
[Black "Delgado Lozano, J."]
[Result "1-0"]
[WhiteElo "2449"]
[BlackElo "1950"]
[PlyCount "77"]
[EventDate "2008.01.05"]
[SourceDate "2008.01.05"]

1. e4 c6 2. d3 d5 3. Nd2 dxe4 4. dxe4 Nd7 5. Ngf3 e6 6. Be2 Qc7 7. O-O Ngf6 8.
b3 g6 9. Bb2 Bg7 10. c4 O-O 11. Qc2 c5 12. h3 {Diagrama #} e5 $6 (12... b6) 13.
Nb1 Re8 14. Nc3 a6 15. Nd5 Nxd5 16. cxd5 Nf8 17. b4 b6 18. bxc5 bxc5 19. Nd2
Bb7 (19... Rb8) 20. Nc4 $18 Nd7 21. Bc3 Reb8 22. Ba5 Qc8 23. Bg4 f5 24. exf5
Bxd5 25. fxg6 Ra7 26. Ne3 Bc6 27. Nf5 Qf8 28. gxh7+ Kh8 29. Nh4 Qf6 30. Ng6+
Kxh7 31. Nxe5+ Kh8 32. Ng6+ Kg8 33. Bc3 Qf7 34. Rae1 Nf8 35. Nxf8 Qxf8 36. Be6+
Kh8 37. Re5 Bxe5 38. Bxe5+ Rg7 39. Qg6 1-0

[Event "XXXIII Abierto Ciudad de Sevilla"]
[Site "?"]
[Date "2008.01.06"]
[Round "2"]
[White "Herrera Delgado, A."]
[Black "Burmakin, V."]
[Result "0-1"]
[WhiteElo "2156"]
[BlackElo "2611"]
[PlyCount "70"]
[EventDate "2008.01.05"]
[SourceDate "2008.01.05"]

1. e4 c6 2. d4 d5 3. e5 Bf5 4. Nf3 e6 5. Be2 h6 6. O-O Nd7 7. Nbd2 Ne7 8. Nb3
Bh7 9. Bd2 Ng6 10. Rc1 Be7 11. c4 dxc4 12. Na5 Qb8 13. Nxc4 Nb6 14. Qb3 Nxc4
15. Rxc4 O-O 16. Bd3 Rd8 17. Be3 Rd7 18. Re1 Qd8 19. g3 Kh8 20. h4 Qa5 21. Kg2
Qd5 22. Rc3 Qxb3 23. Rxb3 Bd8 24. h5 Ne7 25. Bxh7 Kxh7 26. g4 Bb6 27. Kf1 Rad8
28. Ke2 Nd5 29. Rg1 Nxe3 30. fxe3 c5 31. Rd3 cxd4 32. exd4 Rd5 33. Ke3 f6 34.
exf6 gxf6 35. Ke4 R5d7 $15 {Diagrama # Ilegible} 0-1

[Event "XXXIII Abierto Ciudad de Sevilla"]
[Site "?"]
[Date "2008.01.06"]
[Round "2"]
[White "Khamrakulov, I."]
[Black "Justiniano Marquez, M."]
[Result "1-0"]
[WhiteElo "2589"]
[BlackElo "2144"]
[PlyCount "91"]
[EventDate "2008.01.05"]
[SourceDate "2008.01.05"]

1. e4 d5 2. exd5 Qxd5 3. Nc3 Qa5 4. Bc4 Nf6 5. d3 c6 6. Bd2 Qc7 7. Qe2 Nbd7 8.
d4 Nb6 9. Bb3 Bf5 10. Nf3 e6 11. h3 a5 12. Nh4 Bg6 13. a3 a4 14. Nxg6 hxg6 15.
Ba2 Rh4 16. f4 Be7 17. g3 Rh8 18. O-O-O Nbd5 19. Ne4 Nxe4 20. Qxe4 b5 21. c3
Bd6 22. h4 Kd7 23. Kb1 Rae8 24. Rhe1 Qb7 25. Ka1 Nb6 26. Qd3 Qa6 27. Re2 Nc4
28. Bc1 Na5 29. Kb1 Nc4 30. Rde1 Re7 31. Qf3 Qa8 32. Qf2 Rh5 33. g4 Rd5 34. Be3
{Diagrama #} f5 $2 (34... Kc8) 35. gxf5 $16 Rxf5 (35... gxf5 36. Bc1) 36. Qg2
Qh8 37. Bc1 (37. Qxg6 Qxh4 38. Bc1 Qf6) 37... Qh5 38. Re4 Rf6 39. Qc2 Qxh4 (
39... Nb6) 40. Bxc4 bxc4 41. Qxa4 Qh5 42. Qxc4 Qb5 43. Qe2 Qb3 44. c4 Ref7 45.
Rxe6 Bxf4 46. Rxf6 1-0

[Event "XXXIII Abierto Ciudad de Sevilla"]
[Site "?"]
[Date "2008.01.06"]
[Round "2"]
[White "Epishin, V."]
[Black "Borondo Garcia, R."]
[Result "1-0"]
[WhiteElo "2577"]
[BlackElo "2052"]
[PlyCount "77"]
[EventDate "2008.01.05"]
[SourceDate "2008.01.05"]

1. d4 d5 2. c4 c6 3. Nf3 Nf6 4. Qb3 e6 5. Bg5 Be7 6. e3 Ne4 7. Bxe7 Qxe7 8. Bd3
f5 9. Ne5 O-O 10. Qa3 Qd8 11. O-O a5 (11... Nd7) 12. f3 Nf6 13. Nd2 dxc4 $6 (
13... f4) 14. Bxc4 $16 b5 15. Be2 Nd5 16. Rfe1 f4 17. exf4 Rxf4 (17... b4 18.
Qd3 Ba6 19. Ndc4 Nxf4 20. Qe4 a4 $16) 18. Ne4 b4 19. Qd3 Rf5 (19... Ba6) 20.
Qd2 Nf4 (20... Nd7) 21. Rad1 $18 Nd5 22. Bd3 Rf4 23. g3 Rf5 24. f4 a4 25. Ng5
h6 26. Ngf3 Rf6 27. Bb1 Nd7 28. Ng4 a3 29. Qc2 Nf8 30. Nxf6+ Nxf6 31. b3 h5 32.
Re5 Ng4 33. Rxh5 Ne3 34. Qe2 Nxd1 35. Qxd1 Ra5 36. Ne5 Rd5 37. Nxc6 Qe8 38.
Rxd5 exd5 39. Ne5 $18 {Diagrama # Ilegible} 1-0

[Event "XXXIII Abierto Ciudad de Sevilla"]
[Site "?"]
[Date "2008.01.06"]
[Round "2"]
[White "Barrios Muñoz, R."]
[Black "Lopez Martinez, J."]
[Result "0-1"]
[WhiteElo "2138"]
[BlackElo "2550"]
[PlyCount "52"]
[EventDate "2008.01.05"]
[SourceDate "2008.01.05"]

1. d4 Nf6 2. g3 e6 3. Bg2 c5 4. e3 d5 5. Ne2 Nc6 6. O-O b5 7. a4 b4 8. c4 bxc3
9. bxc3 Ba6 10. Ba3 Rc8 11. Nd2 Na5 12. Re1 Be7 13. Nc1 O-O 14. Ncb3 Nb7 15. e4
dxe4 16. Nxe4 Nxe4 17. Bxe4 cxd4 18. Nxd4 Bxa3 19. Rxa3 Nc5 $15 20. Bc2 Qe7 21.
Ra1 g6 22. Qd2 Bb7 23. Rab1 Ba8 24. f4 Qd8 25. c4 Qc7 (25... Nxa4) 26. Qe3 Rfd8
$15 {Diagrama # ilegible} 0-1

[Event "XXXIII Abierto Ciudad de Sevilla"]
[Site "?"]
[Date "2008.01.06"]
[Round "2"]
[White "Coimbra, M."]
[Black "Movsziszian, K."]
[Result "0-1"]
[WhiteElo "2124"]
[BlackElo "2527"]
[PlyCount "72"]
[EventDate "2008.01.05"]
[SourceDate "2008.01.05"]

1. e4 g6 2. d4 Bg7 3. Nc3 c6 4. Nf3 d6 5. a4 Nf6 6. h3 O-O 7. Be3 Nbd7 8. a5 e5
9. dxe5 dxe5 10. Bc4 Qe7 11. Qe2 Nc5 12. Bxc5 Qxc5 13. O-O Nh5 14. Rfd1 Nf4 15.
Qf1 Bf6 16. Nd2 h5 17. Nb3 Qb4 18. Ra4 Qe7 19. Ne2 Kg7 20. c3 Re8 21. Raa1 Rb8
22. Nxf4 exf4 23. Nd4 Qc7 24. Qd3 Re7 25. b4 Bd7 26. Ra2 Rbe8 27. Re2 Bc8 {
Diagrama #} 28. Ree1 (28. Qf3) 28... g5 29. Kf1 (29. b5) 29... g4 30. Nf5+ $2 (
30. Kg1) 30... Bxf5 31. exf5 f3 $19 32. g3 Re2 33. Rc1 Rd8 34. Qb1 Rxf2+ 35.
Kxf2 Rd2+ 36. Be2 h4 0-1

[Event "XXXIII Abierto Ciudad de Sevilla"]
[Site "?"]
[Date "2008.01.06"]
[Round "2"]
[White "Paunovic, D."]
[Black "Moron Hernandez, C."]
[Result "1-0"]
[WhiteElo "2527"]
[BlackElo "2033"]
[PlyCount "97"]
[EventDate "2008.01.05"]
[SourceDate "2008.01.05"]

1. c4 Nf6 2. Nf3 g6 3. g3 Bg7 4. Bg2 O-O 5. O-O d6 6. d4 Nc6 7. Nc3 e5 8. d5
Ne7 9. c5 Ne8 10. cxd6 Nxd6 11. e4 c6 12. dxc6 Nxc6 13. Bg5 f6 14. Qb3+ Kh8 15.
Be3 b6 $6 (15... Qe7 16. Rad1 Be6) 16. Rfd1 {Diagrama #} Qe7 $2 (16... Qc7 17.
Nd5 Qf7) 17. Qd5 $18 Nd4 18. Nxd4 exd4 19. Qxd4 Rd8 20. Rac1 Bb7 21. Qb4 Bf8
22. Nd5 Bxd5 23. Rxd5 Qf7 24. Rcd1 Nb7 25. Qb3 Rxd5 26. Qxd5 Qxd5 27. Rxd5 Bc5
28. Bxc5 Nxc5 29. e5 Rf8 30. b4 Na6 31. e6 Re8 32. a3 Nc7 33. Rd7 Nxe6 34. Rxa7
Nd4 35. Bd5 Nb5 36. Rb7 Re1+ 37. Kg2 Nxa3 38. Rxb6 f5 39. h4 Rb1 40. Rb7 Rb2
41. Bc6 Nc4 42. b5 Ne3+ 43. Kg1 Rb1+ 44. Kh2 Ng4+ 45. Kg2 Rb2 46. b6 Nxf2 47.
Rb8+ Kg7 48. b7 Ng4+ 49. Kf1 {Tiempo} 1-0

[Event "XXXIII Abierto Ciudad de Sevilla"]
[Site "?"]
[Date "2008.01.06"]
[Round "2"]
[White "Lazaro Porta, A."]
[Black "Rizouk, A."]
[Result "0-1"]
[WhiteElo "2053"]
[BlackElo "2498"]
[PlyCount "68"]
[EventDate "2008.01.05"]
[SourceDate "2008.01.05"]

1. Nf3 Nf6 2. c4 e6 3. d4 b6 4. g3 Ba6 5. b3 d5 6. Bg2 Bb4+ 7. Bd2 Be7 8. Nc3
c6 9. O-O O-O 10. cxd5 cxd5 11. Re1 Nc6 12. a3 Rc8 13. b4 $6 (13. Qb1) 13...
Bc4 $15 14. Bf4 a5 15. bxa5 (15. b5 Na7 16. a4) 15... b5 16. Bc1 (16. Ne5)
16... Qxa5 $17 17. Bb2 Rfd8 18. e3 Ra8 19. Qc2 Rdb8 20. Nd2 Qd8 21. Reb1 Qf8
22. Bc1 Qc8 23. Bf1 Bxf1 24. Kxf1 e5 {Diagrama #} 25. Ne2 $2 (25. Nxb5) 25...
Qh3+ 26. Kg1 Rc8 27. Qd1 exd4 28. exd4 Qf5 29. Qb3 Na5 30. Qf3 Qd7 31. Qd3 Nc4
32. Nf3 Ne4 33. Ne5 Qa7 34. Nf4 Nxe5 0-1

[Event "XXXIII Abierto Ciudad de Sevilla"]
[Site "?"]
[Date "2008.01.06"]
[Round "2"]
[White "Nederveld, D."]
[Black "Zhao, Z."]
[Result "0-1"]
[WhiteElo "2046"]
[BlackElo "2487"]
[PlyCount "85"]
[EventDate "2008.01.05"]
[SourceDate "2008.01.05"]

1. d4 Nf6 2. Bg5 d5 3. Nd2 Nbd7 4. Ngf3 g6 5. e3 Bg7 6. Bd3 O-O 7. O-O c5 8. c3
b6 9. Rc1 Bb7 10. b4 Ne4 11. Bh4 h6 12. Bb1 g5 13. Bg3 f5 14. Be5 Nxe5 15. Nxe5
Bxe5 16. dxe5 Nxd2 17. Qxd2 e6 18. Qe2 Kg7 19. Rfd1 Qe7 20. a3 g4 21. Qb2 Rac8
22. bxc5 Rxc5 23. c4 Rd8 {Diagrama #} 24. Qd4 $2 (24. cxd5) 24... Rdc8 25. Qb2
Rxc4 26. Rxc4 Rxc4 27. Bd3 Rc7 28. Rc1 Rxc1+ 29. Qxc1 Qc5 30. Qc2 Bc6 31. h3
gxh3 32. gxh3 a5 33. h4 Qxc2 34. Bxc2 b5 35. Kf1 b4 36. axb4 axb4 37. Ke1 Kg6
38. Bd1 Bb5 39. Kd2 Bc4 40. f4 Kf7 41. Kc2 Ke7 42. Bh5 Kd7 43. Bf7 0-1

[Event "XXXIII Abierto Ciudad de Sevilla"]
[Site "?"]
[Date "2008.01.06"]
[Round "2"]
[White "Komljenovic, D."]
[Black "Velandrino Gomez, M."]
[Result "1-0"]
[WhiteElo "2482"]
[BlackElo "1994"]
[PlyCount "98"]
[EventDate "2008.01.05"]
[SourceDate "2008.01.05"]

1. d4 d5 2. c4 c6 3. Nf3 Nf6 4. Nc3 dxc4 5. a4 Bf5 6. e3 e6 7. Bxc4 Bb4 8. O-O
Nbd7 9. Nh4 Bg6 10. Nxg6 hxg6 11. Re1 Qa5 12. Bf1 Nd5 13. Bd2 Nxc3 14. bxc3
Bxc3 15. Bxc3 Qxc3 16. a5 Qb4 17. g3 Qd6 18. Bg2 O-O 19. Qa4 a6 20. Rab1 Rab8
21. Rec1 Nf6 22. e4 Qe7 23. Qb4 Qd7 24. Qc5 Rfd8 25. Bf3 Rbc8 26. Rb4 Rc7 27.
Rcb1 Qc8 28. Kg2 Rdd7 29. h4 Qf8 30. Qc2 Qd8 31. Qc5 Qe7 32. Qxe7 Rxe7 33. e5
Nd5 34. Rc4 Kf8 35. Be4 Ke8 36. g4 Kd8 37. Kg3 Kc8 38. f4 Kb8 39. Kf3 Re8 40.
Bxd5 cxd5 41. Rxc7 Kxc7 42. h5 gxh5 43. gxh5 Rh8 44. Kg4 Rh6 45. Kg5 f6+ 46.
exf6 Rxf6 47. Rb6 Rh6 48. Rb2 Rf6 49. Rb1 Rh6 {Diagrama #ilegible} 1-0

[Event "XXXIII Abierto Ciudad de Sevilla"]
[Site "?"]
[Date "2008.01.06"]
[Round "2"]
[White "Escobar Forero, A."]
[Black "Gouma, R."]
[Result "1-0"]
[WhiteElo "2461"]
[BlackElo "1955"]
[PlyCount "65"]
[EventDate "2008.01.05"]
[SourceDate "2008.01.05"]

1. e4 c5 2. Nf3 Nc6 3. d4 cxd4 4. Nxd4 Nf6 5. Nc3 e5 6. Ndb5 d6 7. Bg5 a6 8.
Na3 b5 9. Nd5 Be7 10. Bxf6 Bxf6 11. c4 b4 12. Nc2 Rb8 13. Be2 O-O 14. b3 a5 15.
Bg4 g6 16. Bxc8 Rxc8 17. Qd3 Bg7 18. h4 f5 19. h5 {Diagrama #} Nd4 (19... g5)
20. Nxd4 exd4 21. exf5 (21. O-O-O) 21... Rxf5 22. hxg6 hxg6 23. Kf1 Qf8 24. Kg1
Re8 25. Rf1 Qf7 26. Rh4 g5 27. Re4 Be5 28. f3 {Diagrama #} Qh5 (28... Qh7) 29.
Rxe5 Rexe5 30. Ne7+ Rxe7 31. Qxf5 Re5 32. Qf6 Qe8 33. Qxd6 1-0

[Event "XXXIII Abierto Ciudad de Sevilla"]
[Site "?"]
[Date "2008.01.07"]
[Round "3"]
[White "Kononenko, T."]
[Black "Campora, D."]
[Result "0-1"]
[WhiteElo "2378"]
[BlackElo "2553"]
[PlyCount "52"]
[EventDate "2008.01.05"]
[SourceDate "2008.01.05"]

1. d4 Nf6 2. c4 e6 3. Nf3 b6 4. Nc3 Bb7 5. Bg5 h6 6. Bh4 d6 7. e3 Nbd7 8. Be2
g5 9. Bg3 Nh5 10. Qc2 Bg7 11. O-O-O Qe7 12. Ne1 Nxg3 13. hxg3 O-O-O 14. Qa4 Kb8
15. Nc2 c5 16. Bf3 a6 17. Bxb7 Kxb7 18. g4 Rc8 19. Kb1 Rc7 20. Ne4 Rhc8 21. Qa3
d5 22. cxd5 exd5 23. Ng3 Qe6 24. Qd3 Qxg4 25. Qf5 $2 (25. Qh7) 25... Nf6 26.
dxc5 Qc4 {Diagrama #ilegible} 0-1

[Event "XXXIII Abierto Ciudad de Sevilla"]
[Site "?"]
[Date "2008.01.07"]
[Round "3"]
[White "Karim, I."]
[Black "Matamoros, C."]
[Result "1/2-1/2"]
[WhiteElo "2366"]
[BlackElo "2529"]
[PlyCount "43"]
[EventDate "2008.01.05"]
[SourceDate "2008.01.05"]

1. e4 d6 2. d4 Nf6 3. Nc3 Nbd7 4. f4 e5 5. Nf3 exd4 6. Qxd4 c6 7. Be3 d5 8.
exd5 Bc5 9. Qd3 Qe7 10. Nd4 Nb6 11. dxc6 bxc6 12. O-O-O O-O 13. Bg1 Qb7 (13...
Qc7 14. g3 Rd8 15. Ndb5 {1-0 Polgar,J-Rivas Pastor,M/Dos Hermanas 1993}) 14.
Nb3 Bxg1 15. Rxg1 Nbd5 16. Nxd5 cxd5 17. Qd4 (17. Be2 a5 18. Bf3 a4 19. Nd4 Rb8
20. Qa3 Re8 $44) 17... a5 {Diagrama #} 18. a4 (18. g4 $5 a4 (18... Bxg4 $2 19.
Be2 $18) 19. Nc5 Qc7 20. a3) 18... Qc7 19. Qe5 Qb6 20. Qd4 Qc7 21. Qe5 Qb6 22.
Qd4 1/2-1/2

[Event "XXXIII Abierto Ciudad de Sevilla"]
[Site "?"]
[Date "2008.01.07"]
[Round "3"]
[White "Fenollar Jorda, M."]
[Black "Paunovic, D."]
[Result "0-1"]
[WhiteElo "2253"]
[BlackElo "2522"]
[PlyCount "54"]
[EventDate "2008.01.05"]
[SourceDate "2008.01.05"]

1. e4 c5 2. Nf3 e6 3. d4 cxd4 4. Nxd4 a6 5. c4 Nf6 6. Nc3 Bb4 7. Qc2 Qc7 8. a3
Bc5 9. Nb3 Be7 10. Be2 O-O 11. O-O d6 12. Be3 Nbd7 13. Rfc1 b6 14. a4 Ne5 15.
f3 Rb8 16. a5 bxa5 17. Nxa5 Bd7 18. Qd2 Rfc8 19. b4 d5 20. c5 (20. Nxd5 $5 exd5
21. cxd5 Qd8 22. d6 Bf8 23. Bxa6 Rxc1+ 24. Rxc1 $11) 20... dxe4 21. Nxe4 Nxe4
22. fxe4 Rd8 {Diagrama #} 23. Qe1 (23. Bf4 Bf6 24. Qc3 Bb5 25. Bxb5 axb5 26.
Nb3 $16) 23... Bb5 24. Nc4 $4 (24. Bxb5 axb5 25. Bf4 Nf3+ 26. gxf3 Qxf4 27. Qg3
Qe3+ 28. Qf2 Qf4 $11) 24... Bxc4 25. Bxc4 Ng4 26. g3 Nxe3 27. Qxe3 Bf6 0-1

[Event "XXXIII Abierto Ciudad de Sevilla"]
[Site "?"]
[Date "2008.01.07"]
[Round "3"]
[White "Zhao, Z."]
[Black "Chasovnikova, E."]
[Result "1-0"]
[WhiteElo "2487"]
[BlackElo "2184"]
[PlyCount "71"]
[EventDate "2008.01.05"]
[SourceDate "2008.01.05"]

1. e4 c6 2. c4 e5 3. Nf3 Nf6 4. Nc3 Bb4 5. Nxe5 Qe7 6. Nf3 Nxe4 7. Be2 O-O 8.
O-O d6 9. Re1 Nf6 10. d4 Bg4 11. Bf4 Rd8 12. h3 Bxc3 13. bxc3 Bh5 14. Rb1 b6
15. Qa4 {Diagrama #} c5 16. Bd3 Qb7 17. Nh4 Bg6 18. Nxg6 hxg6 19. Be2 Qd7 20.
Qxd7 Nbxd7 21. Bf3 Rac8 22. d5 b5 23. Bxd6 Nb6 24. Be7 Rd7 25. Rxb5 Re8 26. d6
Rxd6 27. Rxc5 Rd2 28. Rc7 Rxa2 29. Bc6 Rb8 30. Bxf6 gxf6 31. c5 Na4 32. Bd5 Ra3
33. Bxf7+ Kf8 34. Bc4 Nb2 35. Rf7+ Kg8 36. Rb7+ 1-0

[Event "XXXIII Abierto Ciudad de Sevilla"]
[Site "?"]
[Date "2008.01.07"]
[Round "3"]
[White "Razmyslov, A."]
[Black "Calle Moreau, S."]
[Result "1-0"]
[WhiteElo "2392"]
[BlackElo "1959"]
[PlyCount "49"]
[EventDate "2008.01.05"]
[SourceDate "2008.01.05"]

1. e4 c5 2. Nf3 d6 3. d4 cxd4 4. Qxd4 Nc6 5. Bb5 Bd7 6. Bxc6 Bxc6 7. Nc3 Nf6 8.
Bg5 e6 9. O-O-O b5 10. Rhe1 (10. e5 Qa5 11. exf6 gxf6 12. Qxf6 Rg8 13. Nd4 Bxg2
14. Nb3 Qa6 15. Rhg1 b4 16. Nb1 Qb7 17. Nc5 Qf3 18. Nd3 Qb7 19. Be3 Rc8 20. Qh4
d5 21. Rxg2 Rxg2 22. Ne1 Rg6 23. Nd2 {
1/2-1/2 Schubert,H-Hofmann,A/Blankenburg 2005}) 10... Be7 11. Bxf6 gxf6 {
Diagrama #} (11... Bxf6 12. Qxd6 Qxd6 13. Rxd6 Bxc3 14. bxc3 Rc8 15. Ne5 Ba8
16. Ra6 Rc7 17. Ra5 Ke7 18. Rxb5 $16) 12. Nd5 $1 Bxd5 $2 (12... exd5 13. exd5
Bd7 14. Qxf6 Rg8 15. Qh6 Rg6 16. Qxh7 Kf8 $14) 13. exd5 $18 e5 14. Qd3 Qa5 15.
Nh4 a6 (15... Qxa2 16. Qxb5+ Kf8 17. Nf5 $18) 16. Kb1 Rc8 17. g3 Rc4 18. Re4
Rc7 19. Nf5 Kd7 20. Ne3 Rhc8 21. Rg4 Bf8 22. Qxh7 Ke7 23. Nf5+ Ke8 24. Rg8 Rxc2
25. Rxf8+ 1-0

[Event "XXXIII Abierto Ciudad de Sevilla"]
[Site "?"]
[Date "2008.01.07"]
[Round "3"]
[White "Mirzoev, A."]
[Black "Van Hoolandt, P."]
[Result "1-0"]
[WhiteElo "2518"]
[BlackElo "2216"]
[PlyCount "91"]
[EventDate "2008.01.05"]
[SourceDate "2008.01.05"]

1. d4 Nf6 2. c4 e6 3. Nf3 Bb4+ 4. Bd2 c5 5. Bxb4 cxb4 6. g3 O-O 7. Bg2 d6 8.
O-O Qe7 9. Qb3 a5 10. a3 Na6 11. Nbd2 e5 12. e4 (12. h3 Bf5 13. Nh4 Be6 14. Qe3
Rfe8 15. Rfc1 Rad8 16. axb4 axb4 17. Nhf3 Qd7 18. Kh2 Bf5 19. dxe5 dxe5 20. Nb3
e4 21. Nfd4 Bg6 22. Rd1 h5 23. Nb5 Qe6 24. Na5 Rxd1 25. Rxd1 Qe5 26. Nd6 Re6
27. Naxb7 Qxb2 28. c5 Qc3 29. c6 Qxe3 30. fxe3 Nc7 31. Nc5 Re5 32. Nd7 Rd5 33.
Nxf6+ gxf6 34. Rxd5 Nxd5 35. Nxe4 b3 36. Nd2 Nxe3 37. c7 Bf5 38. Nxb3 Nxg2 39.
Nd4 Bc8 40. Kxg2 Kf8 41. Nb5 Ke7 42. Kf3 Kd7 43. Kf4 Ba6 44. Nc3 Kxc7 45. h4
Kd6 46. Kf5 Ke7 47. Nd5+ Kf8 48. e3 Kg7 49. Nxf6 Kh6 50. Nd5 Bc4 51. Nf4 Bb3
52. Kf6 Ba2 53. Ne2 Bc4 54. Nc3 Bb3 55. Ne4 Kh7 56. Kg5 Kg7 57. Nf6 Bc4 58.
Nxh5+ Kh7 59. e4 Bd3 60. e5 Be2 61. Nf4 Bf3 62. Kf6 Kg8 {
1-0 Piesina,G-Vitolinsh,A/Minsk 1988/ECO NotiChess}) 12... b6 13. Rfe1 Re8 14.
h3 Qc7 15. Qd3 Bb7 16. Nh4 bxa3 17. bxa3 g6 18. Rab1 $14 Nb8 (18... exd4 19.
Qxd4 Nd7) 19. Nhf3 (19. f4 $5) 19... Nc6 20. Qe3 Nd7 21. h4 f6 (21... Nxd4 22.
Nxd4 exd4 23. Qxd4 Nc5 24. h5 $16) 22. Bh3 Ncb8 $6 (22... exd4 23. Nxd4 Nxd4
24. Qxd4 Nc5 $16) 23. h5 $16 Ra6 $6 (23... Kg7) 24. Rb2 Bc8 25. Reb1 (25. hxg6
hxg6 26. Kg2) 25... Kg7 26. Bf1 exd4 (26... Ra8) 27. Nxd4 Nc5 28. Nb5 Qe7 29.
Nc3 Nbd7 30. Nd5 Qd8 31. h6+ Kf7 32. f4 Na4 33. Rc2 Ndc5 34. Qd4 Bd7 35. Bg2
Bc6 36. Nf1 Bxd5 37. cxd5 Qe7 38. Re2 Ra7 39. Nd2 Rb7 40. Nc4 Rbb8 {Diagrama #}
41. e5 dxe5 (41... Rbd8) 42. fxe5 Kf8 43. exf6 Qf7 44. Rxe8+ Qxe8 45. d6 Qe2
46. f7 1-0

[Event "XXXIII Abierto Ciudad de Sevilla"]
[Site "?"]
[Date "2008.01.07"]
[Round "3"]
[White "Rizouk, A."]
[Black "Robles Garcia, C."]
[Result "1/2-1/2"]
[WhiteElo "2498"]
[BlackElo "2203"]
[PlyCount "49"]
[EventDate "2008.01.05"]
[SourceDate "2008.01.05"]

1. e4 c5 2. Nf3 d6 3. d4 cxd4 4. Nxd4 Nf6 5. Nc3 a6 6. Be3 e5 7. Nf3 Be7 8. Bc4
O-O 9. O-O Nc6 10. Re1 h6 11. Qd3 Be6 12. Bb3 Na5 13. Bxe6 $6 (13. Bd5) 13...
fxe6 14. Na4 Qe8 15. Nb6 Rd8 16. c4 Nc6 17. Rad1 Qg6 $15 18. Bc1 Nh5 19. Kh1
Nd4 20. Rf1 (20. Nxd4 Rxf2 21. g3 (21. Rg1 exd4 22. Rdf1 Bh4 $19) 21... exd4
$17) 20... Nxf3 21. gxf3 Qf6 $6 (21... Nf4 22. Bxf4 Rxf4 23. Rg1 Qh5 24. Rg3
Rh4 $19) 22. Rg1 Qxf3+ 23. Qxf3 Rxf3 24. Be3 Nf4 25. c5 $17 {Diagrama #}
1/2-1/2

[Event "XXXIII Abierto Ciudad de Sevilla"]
[Site "?"]
[Date "2008.01.07"]
[Round "3"]
[White "Melero Fidalgo, J."]
[Black "Komljenovic, D."]
[Result "0-1"]
[WhiteElo "2184"]
[BlackElo "2482"]
[PlyCount "80"]
[EventDate "2008.01.05"]
[SourceDate "2008.01.05"]

1. e4 g6 2. Nc3 Bg7 3. d4 d6 4. Nf3 Nf6 5. h3 O-O 6. Be3 Nc6 7. Bb5 a6 8. Bxc6
bxc6 9. Qd2 Re8 10. O-O Bb7 11. Bh6 Bh8 12. Rfe1 Nd7 13. e5 (13. Rad1) 13... c5
14. e6 (14. Ne4) 14... fxe6 15. Ng5 (15. dxc5 Nxc5 16. b4 Bxf3 (16... Ne4 17.
Nxe4 Bxe4 18. Rxe4 Bxa1 19. c3 $18) 17. gxf3 Nd7 18. Rxe6 c6 $17) 15... cxd4
16. Qf4 (16. Qe2 Ne5 17. Nxe6 Qd7 18. Nxd4 Nf7 19. Be3 c5 $17) 16... Bf6 17.
Nxe6 Qc8 18. Ne4 Bxe4 $6 (18... Be5 19. Qg5 Bd5 20. Nxd4 e6 $17) 19. Qxe4 Ne5
20. Nxd4 c5 21. Ne2 $11 Nf7 22. Bc1 Rb8 23. Rb1 Rb4 24. Qd3 Qf5 25. b3 (25.
Qxf5 gxf5 26. Nf4 $11) 25... Qxd3 26. cxd3 Ne5 $15 27. Rd1 Kf7 (27... Nc6) 28.
Bb2 (28. d4 cxd4 29. Bd2) 28... Nc6 29. Kf1 (29. Bxf6 exf6 30. Rb2 $15) 29...
Bxb2 30. Rxb2 a5 {Diagrama #} (30... e5) 31. Ke1 $6 (31. a3 Rbb8 32. d4 a4 33.
dxc5 dxc5 34. Rdb1) 31... a4 32. Kd2 axb3 33. axb3 Ra8 $17 34. Kc3 (34. Rc1)
34... e5 $19 35. f4 (35. g3) 35... exf4 36. Rf1 g5 37. g3 Ne7 38. d4 Nd5+ 39.
Kd3 c4+ 40. Kd2 c3+ 0-1

[Event "XXXIII Abierto Ciudad de Sevilla"]
[Site "?"]
[Date "2008.01.07"]
[Round "3"]
[White "Lariño Nieto, D."]
[Black "Navarro Coloma, A."]
[Result "1-0"]
[WhiteElo "2439"]
[BlackElo "1964"]
[PlyCount "75"]
[EventDate "2008.01.05"]
[SourceDate "2008.01.05"]

1. e4 e6 2. d3 d5 3. Nd2 Nf6 4. Ngf3 c5 5. c3 Nc6 6. g3 Be7 7. Bg2 d4 8. Qe2 e5
9. h3 b6 10. Nc4 Qc7 11. cxd4 cxd4 12. Bd2 Ba6 13. Rc1 Bxc4 14. Rxc4 Rc8 $2 15.
O-O $6 (15. Nxd4 exd4 16. e5 $18) 15... Qd7 16. Rfc1 O-O 17. Qd1 b5 18. R4c2
Bd6 19. Nh4 Ne7 20. Bg5 Qe6 21. Rxc8 Rxc8 22. Rxc8+ Nxc8 23. Nf5 Ne7 24. Nxd6
Qxd6 25. f4 h6 26. fxe5 Qxe5 27. Bf4 Qc5 28. a4 Ng6 29. axb5 Qxb5 30. Qc2 Qb4 (
30... Nxf4 31. gxf4 Nh5 $11) 31. Kf2 Nh5 (31... Nxf4 32. gxf4 Qb8 $15) 32. Bc7
Qe7 33. Bf3 Nf6 34. Qc6 {Diagrama #} Ne5 $2 (34... Qb4 $11) 35. Qa8+ Kh7 36.
Bxe5 Qxe5 37. Qxa7 Qb5 $2 38. Qxd4 1-0